000 00318nam a22001337a 4500
008 171101b xxu||||| |||| 00| 0 eng d
020 _a9780472109180
041 _aeng
080 _a33
100 _a59
101 _aBUS
245 _aDYNAMICS,ECONOMIC GROWTH, AND INTERNATIONAL TRADE
_cJENSEN,B.S
942 _2udc
_cBK
999 _c37029
_d37029